000 02317cam a22005894i 4500
003 PE-LiUPU
005 20250731170442.0
008 150625s2005 bf r 000 0 spa d
020 _a0883689952
020 _a9780883689950
035 _a(Sirsi) i9780883689950
040 _aPE-LiUPU
_bspa
_cPE-LiUPU
_dPE-LiUPU
_erda
049 _aPRUA
082 0 4 _a158.4
_bM93
_221
100 1 _aMunroe, Myles,
_eautor.
245 1 3 _aEl Espíritu de liderazgo :
_bcultivando las actitudes que influencian la acción humana /
_cMyles Munroe.
264 1 _aNassau, Bahamas :
_bWhitaker House,
_c2005.
300 _a301 páginas ;
_c23 centímetros
336 _atext
_2rdacontent
337 _aunmediated
_2rdamedia
338 _avolume
_2rdacarrier
505 0 _aEl descubrimiento del liderazgo -- El líder escondido en usted -- ¿Qué es un verdadero líder? -- El liderazgo del espíritu -- El espíritu de liderazgo -- La pérdida del liderazgo del espíritu -- Liderar sin liderazgo -- La restauración del liderazgo del espíritu -- Actitudes de los verdaderos líderes -- Propósito y pasión Iniciativa -- Prioridades -- Trazando metas -- Trabajo en equipo -- Innovación -- Rendir cuentas -- Persistencia -- Disciplina -- Cultivación propia -- Maximizando su potencial de liderazgo.
526 _aSEG68
526 _aSEG70
526 _aSEG69
526 _aSEG67
526 _aSEG43
526 _aP144
526 _aP143
526 _aP131
526 _aP122
526 _aP120
526 _aP117
526 _aP112
526 _aP110
526 _aP106
526 _aP101
526 _aP80
526 _aP59
526 _aP54
526 _aP35
526 _aP33
526 _aP30
541 _g003-0003442;
650 0 4 _aLiderazgo
_xCristianismo.
910 _bjv
_cng
_d20080111
942 _2ddc
_cBOOK
949 _a158.4 M93
_wDEWEY
_c1
_i57689
_lCCODEBUL1
_mBUL
_p13.00
_r0
_sY
_tBOOK
_u2015-6-25
_xTEOLOGIA
_zUNKNOWN
_0COMPRA
_o.STAFF. Colección Ciencias de la Salud
994 _aC0
_bPEPRU
596 _a1
999 _a158.4 M93
_wDEWEY
_c46694
_i57689
_d46694
_f2021-11-3
_g5
_lCCODEBUL1
_mBUL
_p13.00
_q1
_r0
_sY
_tBOOK
_u2015-6-25
_xSALUD
_zUNKNOWN
_0COMPRA
_o.STAFF. Colección Ciencias de la Salud
980 _81
_gALBERTO SANCHEZ Responsable de Automatización